Ứng dụng quy trình cifor nghiên cứu sự tích lũy carbon trong cây đước hệ thống rừng ngập mặn huyện Ngọc Hiển, tỉnh Cà Mau : Báo cáo tổng kết đề tài khoa học và công nghệ cấp Trường

Nội dung ứng dụng quy trình CIFOR tính toán sự tích luỹ cacbon của cây đước nhằm mục đích xác định lượng cácbon tích luỹ được trong cây đước tại hệ thống rừng ngập mặ Cà Mau làm cơ sở cho việc tính giá trịn dịch vụ rừng....

Descripció completa

Guardat en:
Dades bibliogràfiques
Autor principal: Lê, Tấn Lợi
Format: Llibre
Idioma:Undetermined
Publicat: Cần Thơ Trường Đại học Cần Thơ 2013
Matèries:
Etiquetes: Afegir etiqueta
Sense etiquetes, Sigues el primer a etiquetar aquest registre!
Thư viện lưu trữ: Trung tâm Học liệu Trường Đại học Cần Thơ
LEADER 01301nam a2200229Ia 4500
001 CTU_203435
008 210402s9999 xx 000 0 und d
082 |a 634.95 
082 |b L462 
088 |a T2013-35 
100 |a Lê, Tấn Lợi 
245 0 |a Ứng dụng quy trình cifor nghiên cứu sự tích lũy carbon trong cây đước hệ thống rừng ngập mặn huyện Ngọc Hiển, tỉnh Cà Mau : 
245 0 |b Báo cáo tổng kết đề tài khoa học và công nghệ cấp Trường 
245 0 |c Lê Tấn Lợi (chủ nhiệm đề tài) 
260 |a Cần Thơ 
260 |b Trường Đại học Cần Thơ 
260 |c 2013 
520 |a Nội dung ứng dụng quy trình CIFOR tính toán sự tích luỹ cacbon của cây đước nhằm mục đích xác định lượng cácbon tích luỹ được trong cây đước tại hệ thống rừng ngập mặ Cà Mau làm cơ sở cho việc tính giá trịn dịch vụ rừng. 
650 |a Mangrove forests,Rừng ngập mặn,Mangrove plants,Cây đước 
650 |z Vietnam,Việt Nam 
904 |i Qhieu 
980 |a Trung tâm Học liệu Trường Đại học Cần Thơ